| 000 | 00718nam a2200205Ia 4500 | ||
|---|---|---|---|
| 003 | GCL | ||
| 008 | 140319s9999 xx 000 0 ara d | ||
| 040 |
_aGCL / _cGCL |
||
| 082 | 0 | 4 |
_a956.905 _bم د |
| 100 | 1 | _aمؤسسة الدراسات الفلسطينية | |
| 245 | 1 | 0 |
_aالدولة الفسطينية وجهات نظر اسرائيلية وغربية / _cمؤسسة الدراسات الفلسطينية |
| 260 |
_a[S.N] : _bمؤسسة الدراسات الفلسطينية ، _c1990 |
||
| 300 | _a376 | ||
| 490 | _a | ||
| 650 | 0 | 4 | _aالنزاع العربى الاسرائيلى |
| 650 | 0 | 4 | _aفلسطين |
| 650 | 0 | 4 | _aاسرائيل |
| 650 | 0 | 4 | _aالقضية الفلسطينية |
| 942 |
_2ddc _cBK |
||
| 999 |
_c31942 _d31942 |
||